000 00577nam a22001697a 4500
999 _c13423
_d13423
003 AR-CdUCM
008 190415b ||||| |||| 00| 0 spa d
040 _aMUNICIPALIDAD PROVINCIAL DEL CUSCO
_cBIBLIOTECA MUNICIPAL DEL CUSCO
082 _a980.569 /
_bD35 / 1931
100 _aDelgado A., M. Julio
_931835
245 _aFolklore y apuntes para la sociologĂ­a indĂ­gena /
260 _aLima :
_bRevista universitaria de la ciudad de Arequipa
_c1931
505 _aContenido :Folklore Peruano /
650 _aFolklore
_91081
942 _2ddc
_cLIBROS
945 _arjall
_d2019-04-15